| 000 | 01297 a2200229 4500 | ||
|---|---|---|---|
| 001 | 57131 | ||
| 005 | 20260407155834.0 | ||
| 008 | 260407a1993 arg spa d | ||
| 003 | AR-UNSa-BCEJYS | ||
| 040 |
_aAR-UNSa-BCEJYS _bspa _cAR-UNSa-BCEJYS |
||
| 080 |
_a342 _xDerecho constitucional (Derecho Público) |
||
| 245 | 1 | 0 | _aHacia la reforma constitucional |
| 020 | _a950-569-045-2 | ||
| 264 | 1 |
_aBuenos Aires : _bAbaco de Rodolfo Depalma _c1993 |
|
| 300 |
_a247 p. _c23 cm. |
||
| 505 | _a1.Los recursos financieros en el sistema federal – 2.Otro contenido para el pacto federal – 3.Perfiles actuales del constitucionalismo social – 4.El convenio 156 OIT (Ley 23.451) y la convención sobre eliminación de la discriminación contra la mujer (ley 23.179) – 5. Del estado de derecho al estado de justicia – 6.Los colegios electorales y la voluntad propia – 7.La legibilidad presidencial – 8.La democracia participativa y la consulta popular sobre la reforma de la constitución – 9.La designación de intendente de la capital federal – 10. Documentos. | ||
| 041 | _aspa | ||
| 942 | _cBK | ||
| 590 | _aniveau_biblio:m niveau_hierar:0 | ||
| 100 | 1 | _aMasnatta, Héctor | |
| 856 | 4 | 1 |
_uhttps://www.biblioeco.unsa.edu.ar/pmb/images/libros/L128710.jpg _yImagen de portada _qimage/jpeg |
| 999 |
_c6130 _d6130 |
||